30 Animated Characters Posing as Santa Quiz Stats

 Plays Quiz Updated Jun 6, 2018

Also try: Santa's Reindeer
Challenge
Share
Tweet
Score 0/30 Timer 06:00
1 Play Today
Col. Character % Correct
3Grinch
97.7%
2Bugs Bunny
97.3%
3Pink Panther
97%
1Winnie-the-Pooh
96.9%
3Garfield
96.6%
6Mickey Mouse
96.2%
1Tweety Bird
95.7%
4Tigger
95.5%
2Homer Simpson
95.5%
2Daffy Duck
94.2%
4Donald Duck
93.6%
5Fred Flintstone
93.1%
2Tasmanian Devil
91.8%
5Snoopy
91.2%
6Mario
89.9%
Col. Character % Correct
1Yogi Bear
85.6%
3Papa Smurf
85%
5Goofy
79.9%
1Chip 'n Dale
75.6%
5Squidward Tentacles
67.6%
6Brian Griffin
66.7%
2Cleveland Brown
60.6%
4Dilbert
60.3%
6Inspector Gadget
59.1%
3Bender Bending Rodriguez
49%
5He-Man
44.9%
1Ziggy
31.4%
4Popeye
30.6%
6King Louie
22.7%
4Opus
18.6%

You're not logged in!

Compare scores with friends on all Sporcle quizzes.
Join for Free
OR
Log In

You Might Also Like...

Show Comments

Extras

Top Quizzes Today


Score Distribution

Your Account Isn't Verified!

In order to create a playlist on Sporcle, you need to verify the email address you used during registration. Go to your Sporcle Settings to finish the process.

Report this User

Report this user for behavior that violates our Community Guidelines.

Details: